| 000 | 01301nam a2200229Ia 4500 | ||
|---|---|---|---|
| 003 | Ost | ||
| 005 | 20260507075203.0 | ||
| 008 | 260507s9999||||xx |||||||||||||| ||und|| | ||
| 020 | _a6124709957 | ||
| 040 | _cfsecg | ||
| 041 | _aara | ||
| 082 | _a330 | ||
| 100 |
_aالظاهر، نعيم ابراهيم _eمؤلف |
||
| 245 | 0 |
_aإدارة الأزمات / _c نعيم ابراهيم الظاهر |
|
| 260 |
_aاربد: _bعالم الكتب الحديث, _c2009 |
||
| 300 |
_a306 صفحة؛ _c24 سم |
||
| 504 | _aفهرس الاشكال ص.5 ؛ مراجع ص.299 | ||
| 520 | _aالمفاهيم العامة و الأسس النظرية لادارة الازمات ، انواع الأزمات و المنهج العلمي لسبرها ، قواعد و أسس التعامل مع الأزمات ، تحليل الأزمة ، استراتيجيات مواجهة الأومات : أساليب المواجهة ، تصنيف الازمات الصناعية ، الخصائص العامة للأزمات المحلية ، مراحل الأزمة و عوامل نجاح إدارة الازمات ، نماذج من إدارة الأزمات ، إدارة الأزمات في الاسلام . | ||
| 653 | _aالادارة | ||
| 653 | _aالأزمات الإقتصادية | ||
| 942 | _cكتاب | ||
| 999 |
_c43415 _d43415 |
||